| 000 | 00766nam a22002177a 4500 | ||
|---|---|---|---|
| 999 |
_c58277 _d58277 |
||
| 005 | 20211021110558.0 | ||
| 008 | 211020s2007 enk||||| |||| 00| 0 eng d | ||
| 020 | _a9788779897427 | ||
| 041 | _aeng | ||
| 080 | _a159 H-88 | ||
| 100 |
_a Hubbard, L. Ron _912695 |
||
| 245 |
_aDianetics: _bThe Modern Science of Mental Health _c L. Ron Hubbard. |
||
| 264 |
_aLos Angeles : _bNew Era, _c2007. |
||
| 300 |
_a679 p. _b24 cm. |
||
| 440 |
_aThe All-Time Bestseller on the Mind _912696 |
||
| 653 | _aDianetics | ||
| 653 | _aდიანეტიკა | ||
| 653 | _aThe Modern Science of Mental Health | ||
| 653 | _aფსიქიკური ჯანმრთელობის თანამედროვე მეცნიერება | ||
| 942 |
_2udc _cBK |
||